LDR 01196nam a2200277 i 4500 001 000000363909 003 CaOOAMICUS 005 20250814100808.0 008 250814s2025 it u000 u ita u 020 $a978-88-399-3626-4 040 $aSeMil$bita 100 1 $aWerbick, Jürgen,$d<1946- >.$0(OLS)http://semarc/name/18388 240 10$aTheologie anthropologisch gedacht.$0(OLS)http://semarc/title/455252 245 14$aUna teologia in prospettiva antropologica /$cJürgen Werbick. 264 1$aBrescia :$bQueriniana,$c2025. 300 $a447 p. ;$c23 cm 490 1 $aBiblioteca di teologia contemporanea ;$v226 500 $aBibliografia, p. [423]-443 650 4$aAntropologia teologica.$0(OLS)http://semarc/subject/2114 830 0$aBiblioteca di teologia contemporanea ;$v226.$0(OLS)http://semarc/title/14 850 $aSeMil 852 $aSeMil$W1$xVenegono$y1$m2BA M 226$j260637$B254769$CSeMilBibl$Z2$F254769 $81 996 $6020$a978-88-399-3626-4$9(OLS)http://semarc/number/303893 996 $6245$aUna teologia in prospettiva antropologica$9(OLS)http://semarc/title/455251 996 $6264$aBrescia :$bQueriniana$9(OLS)http://semarc/publisher/29615